Score 0/12 Timer 01:00
1 Play Today
% Correct
Time
77.7%
Fortune
69.1%
Heavy
68.9%
Last
67.7%
Ascension
64.7%
Metal
61.8%
Resistance
55.9%
Souls
54%
Heavenly
52.3%
Dead
50.1%
Two
48.8%
Guns
44%

Today's Daily Dose

Word Ladder
Silence

Get the Picture
Philly Team Facts

You're not logged in!

Compare scores with friends on all Sporcle quizzes.
OR
Log In

Sporcle TV

Today on Sporcle TV


Watch our educational content, quiz creation guides, and fun videos on Sporcle TV.

Show Comments

Extras

Top Quizzes Today


Score Distribution

Your Account Isn't Verified!

In order to create a playlist on Sporcle, you need to verify the email address you used during registration. Go to your Sporcle Settings to finish the process.

Report this User

Report this user for behavior that violates our Community Guidelines.

Details: